000
00305nam a22001337a 4500
008
181023b xxu||||| |||| 00| 0 eng d
020
_a
9781451146660
041
_a
eng
080
_a
610.73
100
_a
2
101
_a
INF
245
_a
Textbook of Medical-Surgical Nursing
_c
Brunner
942
_2
udc
_c
BK
999
_c
50638
_d
50638